| 000 | 00551nam a2200217 a 4500 | ||
|---|---|---|---|
| 005 | 20210219152858.0 | ||
| 008 | 991125n 000 0 u | ||
| 035 | _aUPN01000064861 | ||
| 100 | _aREYES, Victor M. | ||
| 222 | _aREVISTA DE LA ESCUELA NORMAL SUPERIOR | ||
| 245 | _aArte y educación : I | ||
| 300 | _a61-65 | ||
| 362 | _a1964 2a época, no. 3, ene.-jun. | ||
| 653 | 0 | _aARTE | |
| 653 | 0 | _aEDUCACION ARTISTICA | |
| 653 | 0 | _aENSEÑANZA | |
| 653 | 0 | _aESTETICA | |
| 653 | 0 | _aFILOSOFIA | |
| 904 |
_aAC _b002672 |
||
| 905 | _aArticulo | ||
| 999 |
_c62780 _d62780 |
||